Statistics for Most Populous Modern-Day Countries by Century

Click here to take the quiz!

General Stats

  • This quiz has been taken 23,833 times
  • The average score is 18 of 19

Answer Stats

Country% Correct
China
100%
United States
99%
India
99%
United Kingdom
98%
Russia
98%
Brazil
96%
France
96%
Germany
96%
Japan
94%
Italy
94%
Indonesia
92%
Mexico
91%
Spain
91%
Pakistan
88%
Egypt
88%
Turkey
86%
Iran
84%
Nigeria
84%
Bangladesh
79%

Score Distribution

Percentile by Number Answered

Percent of People with Each Score

Your Score History

You have not taken this quiz